000
00301nam a2200133Ia 4500
005
20251222155146.0
008
251222s9999||||xx |||||||||||||| ||spa||
082
_a
LEN. 30
100
_a
GARCIA MARQUEZ.
245
0
_a
Noticia de un Secuestro
250
_a
1ra. ed.
264
_b
Norma
942
_c
LIB
999
_c
39380
_d
39380